000 04177cam a2200289 4500500
005 20251228072422.0
041 _afre
042 _adc
100 1 0 _aMazoyer, Anne-Valérie
_eauthor
700 1 0 _aBourdet-Loubère, Sylvie
_eauthor
245 0 0 _aÉvolution du désir d'enfant après l'échec des aides médicales à la procréation
260 _c2013.
500 _a30
520 _aLe réel que constitue la stérilité n’est pas sans questionner les aménagements défensifs du couple ni sa recherche d’affiliation. Les couples infertiles, dont le parcours AMP ne se solde pas par une grossesse, envisagent parfois l’adoption comme un dernier recours pour devenir parents. Après avoir rappelé les enjeux liés à l’infertilité, nous questionnerons les issues psychiques pour le couple, confronté aux échecs des techniques d’ AMP, et qui envisage alors l’adoption, comme nouvelle modalité de parentalisation. Cet article vise à illustrer à partir de deux situations cliniques (adoption comme choix de vie et ambivalence), le nécessaire travail d’élaboration psychique du roman familial des couples mais aussi ses butées pour effectuer le deuil de la fertilité biologique et accéder à un véritable désir d’enfant via l’adoption. Il permet donc de réfléchir sur le dispositif d’accompagnement de ces couples pour lesquels les techniques d’ AMP se solderont par un échec sans pour autant entraver leur questionnement sur la parentalité.
520 _aThe reality of sterility calls into question the defensive solutions of the couple and its quest for affiliation. Infertile couples, for whom the MAC process has not resulted in pregnancy, sometimes consider adoption as a last resort for becoming parents. After reviewing some of the issues related to infertility, we will question the psychic solutions for the couple faced with the failure of MAC techniques, who then consider adoption as a new way of becoming parents. With reference to two clinical situations (adoption as a choice of life and ambivalence), this article aims to illustrate the necessary task of elaborating psychically both the family romance of couples and its obstacles in order to be able to mourn the impossibility of biological fertility and to gain access to a genuine desire for a child via adoption. It thus becomes possible to reflect on ways of supporting these couples for whom the MAC techniques result in failure, without inhbiting their questions about parenthood.
520 _aEvolución del deseo de un niño tras el fracaso de las ayudas medícales a la procreación La realidad que constituye la esterilidad no es sin cuestionar les arreglos defensivos de la pareja ni su búsqueda de afiliación. Las parejas infértiles, cuyo trayecto AMP no se concluye por un embarazo, consideran a veces la adopción cómo un último recurso para volverse padres. Tras haber recordado las apuestas vinculados con la infertilidad, interrogáremos las salidas psíquicas para la pareja, confrontada a los fracasos de las técnicas de AMP, y que proyectan entonces la adopción, como nueva modalidad de tener hijos. Este artículo quiere ilustrar desde dos situaciones clínicas (adopción como elección de vida y ambivalencia), el necesario trabajo de elaboración psíquica de la novela familial de las parejas así como sus paradas para efectuar el duelo de la fertilidad biológica y acceder a un verdadero deseo de niño por la adopción. Permite entonces pensar en el dispositivo de acompañamiento de estas parejas para quienes, las técnicas de AMP se concluirán por un fracaso sin por lo tanto entraver su cuestionamiento sobre el tener hijos.
690 _aadoption
690 _aassistance médicale à la procréation
690 _aDésir d'enfant
690 _aparentalité
690 _aadoption
690 _aDesire for a child
690 _amac
690 _aparenthood
786 0 _nRevue de psychothérapie psychanalytique de groupe | 60 | 1 | 2013-06-01 | p. 97-108 | 0297-1194
856 4 1 _uhttps://shs.cairn.info/revue-de-psychotherapie-psychanalytique-de-groupe-2013-1-page-97?lang=fr&redirect-ssocas=7080
999 _c1593900
_d1593900